| 000 | 01290cam a22003857a 4500 | ||
|---|---|---|---|
| 003 | CHAP | ||
| 005 | 20220329133147.0 | ||
| 008 | 971013s1992 r 00010 d | ||
| 010 | _a2852 | ||
| 011 | _a3824 | ||
| 035 | _a3025 | ||
| 040 | _cCHAP | ||
| 090 | _aTesis | ||
| 100 | 0 | 0 |
_aRodríguez Cuevas, Mario. _998421 |
| 245 | 1 | 4 | _aLos cambios antropogénicos de los acrisoles de la Sabana de Huimanguillo, Tabasco |
| 260 |
_aMontecillo, Méx. : _bEl autor, _c1992 |
||
| 300 | _a198 h | ||
| 500 | _aD47-144 | ||
| 502 | _aTesis (M.C. Esp. en Edafología) -- C.P. Centro de Edafología | ||
| 590 |
_aALEPH _b10 _c20130110 _lUCH01 _h1214 |
||
| 590 |
_aBATCH-UPD _b10 _c20130110 _lUCH01 _h1525 |
||
| 590 |
_aBATCH-UPD _b10 _c20130410 _lUCH01 _h0935 |
||
| 590 |
_aBATCH-UPD _b10 _c20130914 _lUCH01 _h2006 |
||
| 590 |
_aCONVERSION _b10 _c20130109 _lUCH01 _h1303 |
||
| 650 | 1 | 4 |
_aAcrisoles. _9727 |
| 650 | 1 | 4 |
_aSuelos tropicales. _9110563 |
| 650 | 1 | 4 |
_aSuelos _xFísica de. _9110373 |
| 650 | 1 | 4 |
_aSuelos _xQuímica de. _9110470 |
| 650 | 1 | 4 |
_aSuelos _xTabasco. _9110489 |
| 710 | 0 |
_aColegio de Postgraduados. Chapingo, Méx. Centro de Edafología. _925074 |
|
| 901 | _aBK | ||
| 942 | _cFOLL | ||
| 949 |
_bBC _cTES _d-12533 _eTS1 _h24826 _i3025 _si |
||
| 949 |
_bBC _cTES _d-74657 _eTS2 _fc.2 _h24827 _i3025 _si |
||
| 999 |
_c2852 _d2852 |
||